Provinces du Royaume des Belgiques sur une carte - Statistiques

Statistiques générales
  • Ce quiz a été pris 348 fois
  • Le résultat moyen est 9 sur 17
Réponses sur la Carte
Les réponses sont colorées sur une échelle allant du rouge au vert en fonction du pourcentage des utilisateurs qui les ont devinées à leur premier essai. Vous pouvez retrouver ces pourcentages ci-dessous.
 
Statistiques - réponses
Provinces % Correct
Brabant Méridional
76%
Liège
72%
Hollande
69%
Anvers
66%
Flandre Occidentale
64%
Flandre Orientale
62%
Limbourg
61%
Hainaut
60%
Namur
60%
Zélande
60%
Frise
49%
Utrecht
42%
Groningue
28%
Brabant Septentrional
26%
Gueldre
25%
Drenthe
19%
Overijssel
16%
Aucun quiz correspondant
Distribution des résultats
% des personnes avec chaque résultat
Percentile par nombre de réponses
Votre historique - résultats
Vous n’avez pas pris ce quiz